Fatih Karagümrük SK Squad 2023-2024 - Statistics

General Stats
  • This quiz has been taken 12 times
    8 since last reset
  • The average score is 20 of 39
Answer Stats
# Position Nation Player % Correct
20 FW Cape Verde Ryan Mendes
100%
31 GK Italy Salvatore Sirigu
100%
- Coach Georgia Shota Arveladze
88%
8 MF Algeria Sofiane Feghouli
88%
7 FW Austria Can Keles
75%
13 GK Turkey Furkan Bekleviç
75%
5 DF Kosovo Ibrahim Drešević
75%
70 FW Brazil Markao
75%
- Coach Turkey Tolunay Kafkas
75%
4 DF Italy Davide Biraschi
63%
23 GK Turkey Emre Bilgin
63%
24 MF Nigeria Lawrence Nicholas
63%
18 DF Turkey Levent Mercan
63%
1 GK Argentina Matías Dituro
63%
54 DF Turkey Salih Dursun
63%
19 FW Turkey Serdar Dursun
63%
77 MF Turkey Adnan Uğur
50%
91 MF Italy Andrea Bertolacci
50%
21 MF Greece Dimitrios Kourbelis
50%
22 DF Turkey Emir Tintiş
50%
11 FW Turkey Emre Mor
50%
10 FW Turkey Güven Yalçın
50%
29 MF Uzbekistan Otabek Shukurov
50%
11 FW Netherlands Brahim Darri
38%
3 DF Albania Frédéric Veseli
38%
6 MF Sweden Marcus Rohdén
38%
17 FW Turkey Samed Onur
38%
99 FW Croatia Tonio Teklić
38%
9 MF France Valentin Eysseric
38%
- Coach Turkey Alparslan Erdem
25%
97 MF Italy Flavio Paoletti
25%
16 MF Turkey Kerem Atakan Kesgin
25%
15 FW Italy Kevin Lasagna
25%
25 DF Germany Koray Günter
25%
98 FW Turkey Ahmet Tarık Tuğyan
13%
37 DF Turkey Efecan Mızrakcı
13%
26 DF Italy Federico Ceccherini
13%
30 DF Turkey Nazım Sangaré
13%
27 MF Italy Stefano Sturaro
13%
No matching quizzes found
Score Distribution
Percent of People with Each Score
Percentile by Number Answered
Your Score History
You have not taken this quiz since the last reset